Plant and service tours in operations management. (Record no. 343152)

000 -LEADER
fixed length control field 00650 a2200193 4500
020 ## - INTERNATIONAL STANDARD BOOK NUMBER
International Standard Book Number 0574195556
020 ## - INTERNATIONAL STANDARD BOOK NUMBER
International Standard Book Number 9780574195555
090 ## - LOCALLY ASSIGNED LC-TYPE CALL NUMBER (OCLC); LOCAL CALL NUMBER (RLIN)
-- 599
-- 599
245 00 - TITLE STATEMENT
Title Plant and service tours in operations management.
260 ## - PUBLICATION, DISTRIBUTION, ETC.
Place of publication, distribution, etc. [S.l.] :
Name of publisher, distributor, etc. MacMillan Pub Co,
Date of publication, distribution, etc. 1991.
300 ## - PHYSICAL DESCRIPTION
Extent 1 v. (unpaged) ;
Dimensions 24 cm.
500 ## - GENERAL NOTE
General note Paperback.
650 #4 - SUBJECT ADDED ENTRY--TOPICAL TERM
Topical term or geographic name entry element Industrial tours.
650 #4 - SUBJECT ADDED ENTRY--TOPICAL TERM
Topical term or geographic name entry element Management.
650 #4 - SUBJECT ADDED ENTRY--TOPICAL TERM
Topical term or geographic name entry element Service industries.
856 40 - ELECTRONIC LOCATION AND ACCESS
Materials specified Amazon.com
Uniform Resource Identifier <a href="http://www.amazon.com/exec/obidos/ASIN/0574195556/chopaconline-20">http://www.amazon.com/exec/obidos/ASIN/0574195556/chopaconline-20</a>
856 40 - ELECTRONIC LOCATION AND ACCESS
Materials specified Amazon customer reviews
Uniform Resource Identifier <a href="http://www.chopac.org/cgi-bin/tools/azrev.pl?q=0574195556">http://www.chopac.org/cgi-bin/tools/azrev.pl?q=0574195556</a>
942 ## - ADDED ENTRY ELEMENTS (KOHA)
Institution code [OBSOLETE] NBS
Koha item type Book
Call number prefix 658.5 SCH
Holdings
Withdrawn status Lost status Damaged status Not for loan Permanent Location Current Location Date acquired Total Checkouts Full call number Barcode Date last seen Price effective from Koha item type
        Central Library (CL) Central Library (CL) 08/28/2013   658.5 SCH NBS3105 08/28/2013 08/28/2013 Book
© 2023 Central Library, National University of Sciences and Technology. All Rights Reserved.